LEADER 02071nam 2200517I 450 001 9910705295403321 005 20140828160923.0 035 $a(CKB)5470000002448408 035 $a(OCoLC)889462033 035 $a(EXLCZ)995470000002448408 100 $a20140828d2013 ua 0 101 0 $aeng 135 $aurcn||||||||| 181 $ctxt$2rdacontent 182 $cc$2rdamedia 183 $acr$2rdacarrier 200 10$aGlove-Enabled Computer Operations (GECO) $edesign and testing of an extravehicular activity glove adapted for human-computer interface /$fRichard J. Adams [and seven others] 210 1$aCleveland, Ohio :$cNational Aeronautics and Space Administration, Glenn Research Center,$d2013. 215 $a1 online resource (24 pages) $ccolor illustrations 225 1 $aNASA/TM ;$v2013-216546 300 $aTitle from title screen (viewed on Aug. 28, 2014). 300 $a"August 2013." 300 $a"Prepared for the 43rd International Conference on Environmental Systems sponsored by the American Institute for Aeronautics and Astronautics, Vail, Colorado, July 14-18, 2013." 320 $aIncludes bibliographical references (pages 23-24). 517 $aGlove-Enabled Computer Operations 606 $aTactile discrimination$2nasat 606 $aExtravehicular activity$2nasat 606 $aHuman-computer interface$2nasat 606 $aWorkloads (psychophysiology)$2nasat 606 $aControl systems design$2nasat 606 $aEnd effectors$2nasat 615 7$aTactile discrimination. 615 7$aExtravehicular activity. 615 7$aHuman-computer interface. 615 7$aWorkloads (psychophysiology) 615 7$aControl systems design. 615 7$aEnd effectors. 700 $aAdams$b Richard J.$0248037 712 02$aNASA Glenn Research Center, 712 02$aUnited States.$bNational Aeronautics and Space Administration, 801 0$bGPO 801 1$bGPO 906 $aBOOK 912 $a9910705295403321 996 $aGlove-Enabled Computer Operations (GECO)$93514898 997 $aUNINA LEADER 03051nam 2200661Ia 450 001 9910782866803321 005 20230721005244.0 010 $a0-429-97463-9 010 $a0-429-49500-5 010 $a0-7867-2756-X 010 $a9786612334627 010 $a1-282-33462-X 035 $a(CKB)1000000000720727 035 $a(EBL)688727 035 $a(OCoLC)646780479 035 $a(SSID)ssj0000202973 035 $a(PQKBManifestationID)11168910 035 $a(PQKBTitleCode)TC0000202973 035 $a(PQKBWorkID)10256971 035 $a(PQKB)10834429 035 $a(MiAaPQ)EBC688727 035 $a(Au-PeEL)EBL688727 035 $a(CaPaEBR)ebr10263753 035 $a(CaONFJC)MIL863311 035 $a(EXLCZ)991000000000720727 100 $a20081027d2009 uy 0 101 0 $aeng 135 $aur|n|---||||| 181 $ctxt 182 $cc 183 $acr 200 00$aMilitary leadership$b[electronic resource] $ein pursuit of excellence /$fedited by Robert L. Taylor, William E. Rosenbach, Eric B. Rosenbach ; with a foreword by Gregory S. Newbold 205 $a6th ed. 210 $aBoulder, CO $cWestview Press$dc2009 215 $a1 online resource (345 p.) 300 $aDescription based upon print version of record. 311 $a0-367-09719-2 311 $a0-8133-4439-5 320 $aIncludes bibliographical references and index. 327 $aContents; About the Editors and Contributors; Foreword; Preface; Part I: Leadership; 1 Leadership; 2 Leaders and Leadership; 3 What Makes a Leader?; 4 Leadership as an Art; 5 Reality Leadership; 6 Followers as Partners; 7 Leaders, Managers, and Command Climate; Part II: Character; 8 Leadership Candor; 9 The Potency of Persuasion; 10 When Leadership Collides with Loyalty; 11 Leading Warriors in the Long War; 12 Command Presence; Part III: General Officers; 14 Generalship; 15 Generalship; 16 Breaking Through "Brass" Ceilings; 17 A Failure in Generalship; 18 Challenging the Generals 327 $a19 Bush and the GeneralsPart IV: The Future of Military Leadership; 20 How the West Was Won; 21 Improving Strategic Leadership; 22 The Gettysburg Leadership Experience; 23 The Sergeant Solution; 24 Leadership in the "City of Exiles"; 25 Generational Change; 26 Leading in the Army After Next; Credits and Acknowledgments; Index 330 $aAn anthology of classic and contemporary articles, as well as original essays, on leaders, followers, and the personal and organizational values that promote effective military leadership. 606 $aLeadership 606 $aCommand of troops 615 0$aLeadership. 615 0$aCommand of troops. 676 $a355.3/3041 676 $a355.33041 701 $aTaylor$b Robert L$g(Robert Lewis),$f1939-$01474132 701 $aRosenbach$b William E$01109692 701 $aRosenbach$b Eric B$01474133 801 0$bMiAaPQ 801 1$bMiAaPQ 801 2$bMiAaPQ 906 $aBOOK 912 $a9910782866803321 996 $aMilitary leadership$93687592 997 $aUNINA